Bienvenue chez les Loud - Prénoms des enfants Loud - Statistiques

Statistiques générales
  • Ce quiz a été pris 1 502 fois
  • Le résultat moyen est 8 sur 11
Statistiques - réponses
Prénom % Correct
Lincoln
85%
Lori
82%
Lola
78%
Lisa
76%
Lily
75%
Lana
73%
Leni
72%
Lucy
67%
Luna
66%
Lynn
48%
Luan
45%
Aucun quiz correspondant
Distribution des résultats
% des personnes avec chaque résultat
Percentile par nombre de réponses
Votre historique - résultats
Vous n’avez pas pris ce quiz